Práce s talenty v oblasti retailu
Maloobchod a jeho špecifiká. Dynamický rozvoj. Práca s absolventmi. Trojkolové výberové konanie. Absolventský program v spoločnosti Tesco Stores ČR.
Salvato in:
| Autore principale: | |
|---|---|
| Natura: | Capitolo di libro |
| Lingua: | ceco |
| Soggetti: | |
| Tags: |
Nessun Tag, puoi essere il primo ad aggiungerne!!
|
MARC
| LEADER | 00000naa a2200000 4500 | ||
|---|---|---|---|
| 001 | 0135717 | ||
| 005 | 20240315070630.4 | ||
| 041 | 0 | |a cze | |
| 044 | |a CZ | ||
| 245 | 1 | 0 | |a Práce s talenty v oblasti retailu |c Jana Macháčková |
| 520 | |a Maloobchod a jeho špecifiká. Dynamický rozvoj. Práca s absolventmi. Trojkolové výberové konanie. Absolventský program v spoločnosti Tesco Stores ČR. | ||
| 610 | 2 | 0 | |a personalistika |
| 610 | 2 | 0 | |a talenty |
| 610 | 2 | 0 | |a výber pracovníkov |
| 610 | 2 | 0 | |a absolventi |
| 610 | 2 | 0 | |a spolupráca podnikov |
| 610 | 2 | 0 | |a maloobchod |
| 100 | 1 | |a Macháčková, Jana | |